Giáo trình kế toán máy (Dùng trong các trường THCN)
Giới thiệu nhập môn kế toán máy. Phương pháp sử dụng MS Excel để học cách lập chương trình giải quyết bài toán kế toán, chương trình kế toán máy AccWin
Gespeichert in:
| 1. Verfasser: | |
|---|---|
| Format: | Buch |
| Sprache: | Undetermined |
| Veröffentlicht: |
Hà Nội
Nhà xuất bản Hà Nội
2006
|
| Schlagworte: | |
| Tags: |
Tag hinzufügen
Keine Tags, Fügen Sie den ersten Tag hinzu!
|
| Thư viện lưu trữ: | Trung tâm Học liệu Trường Đại học Cần Thơ |
|---|
| LEADER | 00831nam a2200205Ia 4500 | ||
|---|---|---|---|
| 001 | CTU_142698 | ||
| 008 | 210402s9999 xx 000 0 und d | ||
| 020 | |c 14500 | ||
| 082 | |a 657 | ||
| 082 | |b T121 | ||
| 100 | |a Nguyễn ,Văn Tân | ||
| 245 | 0 | |a Giáo trình kế toán máy | |
| 245 | 0 | |b (Dùng trong các trường THCN) | |
| 245 | 0 | |c Nguyễn Văn Tân | |
| 260 | |a Hà Nội | ||
| 260 | |b Nhà xuất bản Hà Nội | ||
| 260 | |c 2006 | ||
| 520 | |a Giới thiệu nhập môn kế toán máy. Phương pháp sử dụng MS Excel để học cách lập chương trình giải quyết bài toán kế toán, chương trình kế toán máy AccWin | ||
| 650 | |a Accounting,Kế toán máy | ||
| 980 | |a Trung tâm Học liệu Trường Đại học Cần Thơ | ||